[Event "Nakhchivan Premium 2021"]
[Site "Nakhchivan"]
[Date "2021.03.25"]
[Round "4.1"]
[White "Sevdimaliyev, Urfan"]
[Black "Garayev, Sadig"]
[Result "1-0"]
[WhiteElo "2369"]
[BlackElo "1781"]
[Annotator "TA"]
[PlyCount "111"]
[EventDate "2021.03.14"]
[EventType "tourn"]
[EventCountry "AZE"]
[SourceTitle "playchess.com"]
[Source "ChessBase"]
[SourceQuality "1"]

{[%evp 10,111,45,41,47,16,80,66,130,76,78,77,92,87,92,106,95,61,61,62,70,54,62,56,64,40,47,25,96,87,91,91,135,131,137,129,131,118,126,77,77,49,28,42,31,22,25,23,61,-208,77,64,329,322,293,305,307,241,353,356,314,325,285,285,979,229,867,93,2529,3617,1811,1893,2489,2405,3682,4133,4134,4133,2908,1958,1569,1339,1499,1333,1245,1227,29963,2804,29949,1590,1462,1329,1179,1080,942,891,29977,29978,29979,29979,29983,29983,29982,29981]} 1. e4 e6 2. d4 d5 3. Nc3 dxe4 4. Nxe4 Nf6 5. Bd3 Nxe4 6. Bxe4 c5 {C10: French with 3 Nc3: Unusual Black 3rd moves and 3...dxe4.} 7. Ne2 cxd4 (7... Nd7 $11) 8. Qxd4 $16 {[#]} f5 $146 (8... Nd7 $14) ({Predecessor:} 8... Qxd4 9. Nxd4 Bc5 10. Be3 Bxd4 11. Bxd4 O-O 12. Rd1 Nd7 13. O-O e5 14. Be3 Nf6 {1-0 (38) Mitic,Z (1933)-Stoimenov,R (2053) Zajecar 2013}) 9. Qxd8+ (9. Bf3 $142 $1 {[%cal Rf3h5] aiming for Bh5+.} Qxd4 10. Nxd4) 9... Kxd8 10. Bf3 e5 {next ...e4 is good for Black.} 11. Bg5+ Be7 12. O-O-O+ Nd7 13. Bxe7+ (13. Be3 {feels hotter.} Kc7 14. Rhe1 Nf6 15. Nc3 Re8 16. Bg5) 13... Kxe7 14. Nc3 e4 15. Nd5+ Kf7 16. Be2 Nf6 17. Nc7 Rb8 18. Bc4+ Kg6 (18... Ke7 $1 $11) 19. Rd6 b6 20. Nd5 Re8 21. Rd1 b5 22. Bb3 Rb7 23. g3 Rf8 24. h4 Kh5 25. Nxf6+ (25. Nf4+ {with more complications.} Kh6 26. Rc6 g6 27. Rdd6 Ng4 28. h5) 25... Rxf6 26. Rxf6 gxf6 {[%mdl 4096] Endgame KRB-KRB} 27. Rd8 Rc7 28. c3 Kg4 29. Bd1+ Kh3 {[#] White must now prevent ...Kg2.} 30. Kd2 $1 {White stays focused until the end.} Rd7+ $2 {[%mdl 8192]} (30... f4 $14) 31. Rxd7 $18 Bxd7 {KB-KB} 32. Ke3 Kg2 33. Be2 h6 (33... Kh2 $142 34. b3 h6) 34. b4 {[%cal Bb2b4,Bb4b5][%mdl 32]} Kh3 35. c4 bxc4 {...c3 is the strong threat.} 36. Bxc4 Kg2 $2 (36... Ba4 37. Bf1+ Kg4) 37. Be2 $2 (37. b5 Kh2 38. a4) 37... Kh3 $2 (37... Ba4 38. Bh5 f4+ 39. gxf4 Kh3) 38. h5 $2 (38. b5 $18 {and the rest is easy.} f4+ 39. Kxf4) 38... Kg2 $2 {[%mdl 8192]} (38... Ba4 $16) 39. b5 Kh3 40. a4 {[%cal Ba2a4,Ba4a5,Ba5b6][%mdl 32]} Be6 41. a5 Bd5 42. b6 axb6 43. axb6 Bb7 44. Bc4 Kg4 45. Be6 Kg5 46. Bb3 Kg4 47. Bd1+ Kg5 48. Be2 (48. f4+ $142 exf3 49. Bxf3 Ba6 50. b7 Bxb7 51. Bxb7 Kg4 52. Bf3+ Kxg3 53. Bd1) 48... Bc8 49. Kd4 (49. f4+ $142 exf3 50. Bxf3 Ba6 51. b7 Bxb7 52. Bxb7 Kg4 53. Bf3+ Kg5 54. Be2) 49... Bb7 50. Kc5 f4 51. gxf4+ Kxf4 52. Kd6 e3 53. Kc7 {White mates.} Ba8 54. fxe3+ ({Worse is} 54. b7 {[#]} Bxb7 $1 55. Kxb7 exf2 $11) 54... Ke4 55. Bb5 ({And not} 55. b7 Bxb7 56. Kxb7 Kxe3 $11) 55... Kd5 56. Ba6 {Weighted Error Value: White=0.61/Black=0.95} 1-0

[Event "Nakhchivan Premium 2021"]
[Site "Nakhchivan"]
[Date "2021.03.25"]
[Round "4.2"]
[White "Babayeva, Nasrin"]
[Black "Aliyev, Aykhan"]
[Result "1-0"]
[WhiteElo "1564"]
[BlackElo "1683"]
[Annotator "NA RC"]
[PlyCount "57"]
[EventDate "2021.03.14"]
[EventType "tourn"]
[EventCountry "AZE"]
[SourceTitle "playchess.com"]
[Source "ChessBase"]
[SourceQuality "1"]
[TimeControl "5400+30"]

1. c4 {[%emt 0:00:00]} Nf6 {[%emt 0:00:00]} 2. Nc3 {[%emt 0:00:14]} e6 {[%emt 0:00:02]} 3. g3 {[%emt 0:00:12]} Be7 {[%emt 0:00:10]} 4. Bg2 {[%emt 0:00:07]} d5 {[%emt 0:00:32]} 5. b3 {[%emt 0:02:06]} c5 {[%emt 0:01:55]} 6. e3 {[%emt 0:01:02]} b6 {[%emt 0:05:47]} 7. Nge2 {[%emt 0:01:46]} Bb7 {[%emt 0:01:12]} 8. Nf4 {[%emt 0:03:27]} Na6 {[%emt 0:09:15]} 9. Bb2 {[%emt 0:01:56]} Nc7 {[%emt 0:12:37]} 10. cxd5 {[%emt 0:03:46]} exd5 {[%emt 0:00:41]} 11. d4 {[%emt 0:00:42]} O-O {[%emt 0:03:11]} 12. O-O {[%emt 0:00:14]} Bd6 {[%emt 0:06:21]} 13. dxc5 {[%emt 0:01:50]} Bxf4 {[%emt 0:06:26]} 14. exf4 {[%emt 0:00:45]} bxc5 {[%emt 0:00:55]} 15. Na4 {[%emt 0:01:52]} Na6 {[%emt 0:05:39]} 16. Rc1 {[%emt 0:01:00]} Rc8 {[%emt 0:00:32]} 17. Qd2 {[%emt 0:04:10]} Re8 {[%emt 0:11:00]} 18. Ba3 {[%emt 0:00:57]} Qd6 {[%emt 0:10:21]} 19. Qa5 {[%emt 0:02:02]} Nd7 {[%emt 0:01:36]} 20. Rfd1 {[%emt 0:00:39]} Rc7 {[%emt 0:06:52]} 21. Nc3 {[%emt 0:00:55]} Nf6 {[%emt 0:06:43]} 22. Nb5 {[%emt 0:00:26]} Qb6 {[%emt 0:00:06]} 23. Qxb6 {[%emt 0:00:13]} axb6 {[%emt 0:00:05]} 24. Nxc7 {[%emt 0:00:05]} Nxc7 {[%emt 0:00:06]} 25. Re1 {[%emt 0:01:17]} Ra8 {[%emt 0:01:49]} 26. Re7 {[%emt 0:00:52]} Nfe8 {[%emt 0:00:11]} 27. Bb2 {[%emt 0:07:52]} Kf8 {[%emt 0:01:39]} 28. Re2 {[%emt 0:00:08]} Rxa2 {[%emt 0:00:10]} 29. Bxg7+ {[%emt 0:00:04]} 1-0

[Event "Nakhchivan Premium 2021"]
[Site "Nakhchivan"]
[Date "2021.03.25"]
[Round "4.3"]
[White "Ismayilov, Arturan"]
[Black "Mammadov, Sadig"]
[Result "0-1"]
[WhiteElo "1663"]
[BlackElo "2237"]
[Annotator "TA"]
[PlyCount "52"]
[EventDate "2021.03.14"]
[EventType "tourn"]
[EventCountry "AZE"]
[SourceTitle "playchess.com"]
[Source "ChessBase"]
[SourceQuality "1"]

{[%evp 13,52,18,28,27,54,43,75,72,69,67,61,60,55,42,110,76,67,-150,-125,-138,-139,-175,-169,-340,-316,-310,-308,-395,-403,-378,-393,-403,-423,-422,-402,-482,-481,-495,-439,-502,-492]} 1. e4 e6 2. d4 d5 3. Nd2 a6 4. Ngf3 Nf6 5. e5 Nfd7 6. Bd3 c5 7. c3 Nc6 8. O-O {C06: French Tarrasch: 3...Nf6 4 e5 Nfd7 5 Bd3 main lines.} g5 9. Nb3 Be7 10. dxc5 {White is better.} g4 11. Nfd4 Ncxe5 12. Re1 Nxd3 13. Qxd3 Qc7 {[#]} (13... Nxc5 $14 14. Nxc5 Bxc5) 14. Nf5 $146 ({Predecessor:} 14. Bh6 Rg8 15. g3 Nf6 16. Bf4 Qd7 17. Rad1 Qa4 18. Bd6 Bxd6 19. cxd6 Bd7 20. Nc5 Qc4 21. Qf5 Rg6 22. Nxd7 Nxd7 23. Nxe6 fxe6 24. Rxe6+ Kd8 25. Rde1 {1-0 (25) Korneev,O (2638)-Bartel,M (2561) Evora 2006}) 14... exf5 15. Qxd5 $2 (15. Qd4 $1 $14 f6 16. Bf4) 15... Nf8 $1 $17 16. Qd6 {[#]} Qd8 ({Worse is} 16... Qxd6 17. cxd6 Ne6 18. dxe7 $16) 17. Bg5 {[%cal Re1e7] [#]} Be6 $1 ({Wrong is} 17... Qxd6 $2 18. cxd6 Ne6 19. Bxe7 $18) 18. Qe5 (18. Bxe7 {was the only chance.} Qxe7 19. Qb6) 18... Ng6 ({Less strong is} 18... Bxg5 19. Qxh8 Qf6 20. Qxf6 $17) 19. Bxe7 Qxe7 20. Qd6 Qxd6 21. cxd6 O-O-O 22. Rad1 Bxb3 23. axb3 Kd7 24. c4 Rhe8 {Black is clearly winning.} 25. c5 Rxe1+ 26. Rxe1 Re8 {[%cal Re8e1] Weighted Error Value: White=0.51/Black=0.09} 0-1

[Event "Nakhchivan Premium 2021"]
[Site "Nakhchivan"]
[Date "2021.03.25"]
[Round "4.4"]
[White "Seyid, Huseyn"]
[Black "Hasanzade, Toghrul"]
[Result "0-1"]
[WhiteElo "1660"]
[BlackElo "2322"]
[Annotator "TA"]
[PlyCount "137"]
[EventDate "2021.03.14"]
[EventType "tourn"]
[EventCountry "AZE"]
[SourceTitle "playchess.com"]
[Source "ChessBase"]
[SourceQuality "1"]

{[%evp 18,137,48,-5,-9,-16,-9,-7,0,0,81,79,98,93,92,78,119,112,303,283,341,316,461,404,390,378,381,159,365,362,393,134,122,141,104,-16,-19,-18,-19,-18,-12,-12,-12,-12,-12,-19,-15,-23,-19,-26,-20,-21,-18,-56,-60,-69,-50,-61,0,0,0,0,0,0,0,0,0,0,8,8,14,0,0,0,0,0,0,0,0,-8,-8,-22,-23,-110,-109,-141,-142,-135,-8,-9,-17,-17,0,0,7,-8,-8,-8,-8,-8,-8,-8,-8,-16,-8,-10,0,-8,-8,-8,-8,-16,-18,-568,-562,-584,-543,-29973,-29975,-29974,-29975,-29985]} 1. e4 c6 2. d4 d5 3. exd5 cxd5 4. Bd3 Nc6 5. c3 g6 6. Bf4 Bg7 7. Nf3 Nh6 8. O-O O-O 9. Re1 f6 10. Nbd2 ({Better is} 10. c4 $14) 10... Nf7 $11 {B13: Caro-Kann: Exchange Variation and Panov-Botvinnik Attack.} 11. Be3 e5 12. dxe5 fxe5 {[#] The position is equal.} 13. Bc5 $146 ({Predecessor:} 13. Bc2 e4 14. Nd4 Nxd4 15. Bxd4 Bxd4 16. cxd4 Qf6 17. Bb3 Be6 18. Nb1 Nh6 19. Qd2 {0-1 (51) Sosulin,E (2325)-Ibrahimov,R (2526) Bogoroditsk 2011}) 13... e4 (13... Re8 $11) 14. Bxf8 $16 Qxf8 {[#]} 15. Nxe4 dxe4 16. Bxe4 Bg4 17. Qb3 Rb8 (17... Bxf3 $16 {was necessary.} 18. Bxf3 Rb8) 18. Ng5 $1 $18 {[%cal Rg5f7]} Ncd8 19. Bd5 Bf6 (19... b5 $142 20. a4 b4 21. cxb4 Bf6) 20. Nxf7 Nxf7 21. Qc4 Bd7 22. Qc7 (22. Qf4 $18 {and the rest is easy.} Kg7 23. Bxf7) 22... Qd8 {[#]} (22... Rd8 $16 23. Rad1 (23. Qxb7 Bc8 $16) 23... Kg7) 23. Qf4 $1 g5 24. Qe4 (24. Qf3 $18 {is the precise move to win.}) 24... Qf8 $16 25. Rad1 Kg7 26. Bxf7 (26. Qf3 $16) 26... Qxf7 $11 27. Rd6 Bc6 28. Qf5 Re8 (28... Rf8 {with more complications.} 29. h3 Re8 30. Rxe8 Bxe8 31. c4 Bc6) 29. Rxe8 Bxe8 30. Qd5 Bc6 31. Qxf7+ Kxf7 32. Rd1 Ke6 33. f3 Bd5 34. Kf2 a5 35. a3 a4 {[%mdl 1024] Black has compensation.} 36. Ke3 Bb3 37. Rd2 h5 (37... Be5 $15 38. Kf2 Bf4 39. Re2+ Kf5) 38. Ke4 h4 {White should prevent ...Be5.} 39. f4 gxf4 40. Kxf4 Bd5 41. Re2+ Kf7 42. Rd2 Bc6 43. Kf5 Be7 44. Kg4 Ke6 45. g3 hxg3 46. hxg3 Ke5 47. Re2+ Be4 48. Rd2 Bc5 49. Rh2 (49. Re2 {looks sharper.} Kd5 50. Rd2+ Kc4 51. Kf4 Bb1 52. g4) 49... Be3 50. Rh5+ (50. Re2 $11 Bc1 51. Kh4) 50... Kd6 $17 51. Rb5 Bc5 52. c4 Bc6 (52... Be3 $17 {Hoping for ...Bc1.} 53. Ra5 Bc6) 53. b4 $11 axb3 54. Rxb3 Bd4 55. Kf5 Kc5 56. Ke6 Kxc4 57. Rb4+ Kc5 58. g4 Bd5+ 59. Ke7 Be3 {...Bc1 is the strong threat.} 60. Rb2 (60. Kf6 {seems wilder.} Bc1 61. Rb1 Bxa3 62. Ke5 b5 63. Rxb5+ Kxb5 64. Kxd5 Bc1 65. Ke6) 60... b5 {White must now prevent ...Bf3.} 61. Rc2+ Kd4 62. Kd6 Bf4+ 63. Kd7 Be4 64. Rb2 (64. Rc8 {is more complex.} Kd5 65. Rc3 Bd2 66. Rh3 Bg6 67. Kc7) 64... Kc5 {next ...Bf3 is good for Black.} 65. Ke6 $2 {[%mdl 8192]} (65. Rb3 $11 {and White has nothing to worry.}) 65... Bc1 $19 66. Rb4 Bd3 67. Kf6 {Now g5 and White clings on.} Bd2 68. Rb3 Kc4 69. g5 {Quite a comeback for Black.  Weighted Error Value: White=0.21/Black=0.23} 0-1

[Event "Nakhchivan Premium 2021"]
[Site "Nakhchivan"]
[Date "2021.03.25"]
[Round "4.5"]
[White "Gasimov, Parviz"]
[Black "Babayev, Talib"]
[Result "1-0"]
[WhiteElo "2337"]
[BlackElo "2282"]
[Annotator "TA"]
[PlyCount "67"]
[EventDate "2021.03.14"]
[EventType "tourn"]
[EventCountry "AZE"]
[SourceTitle "playchess.com"]
[Source "ChessBase"]
[SourceQuality "1"]

{[%evp 9,67,14,51,51,51,48,47,16,15,0,0,0,0,0,32,32,27,3,22,0,100,110,101,66,56,70,66,35,49,47,151,180,172,179,262,187,181,177,289,298,520,499,828,827,816,794,1132,767,767,767,741,725,29985,29986,29988,6270,29989,5343,5252,5006]} 1. e4 c6 2. d4 d5 3. e5 Bf5 4. Nf3 e6 5. Be2 f6 6. O-O {B12: Caro-Kann: Advance Variation.} fxe5 7. Nxe5 Nd7 8. Bh5+ {White is slightly better.} (8. f4 {is interesting.} Bd6 9. Nd2 Ne7 10. Bh5+ g6 11. Be2) 8... g6 9. Be2 {Hoping for g4.} Nxe5 10. dxe5 {Strongly threatening g4.} h5 11. Nd2 {[#]} Bg7 $146 ({Predecessor:} 11... Qc7 12. Nf3 Nh6 13. Bg5 Bg7 14. Re1 Nf7 15. Bf4 O-O-O 16. Bf1 Bg4 17. h3 Bxf3 18. Qxf3 {1-0 (33) Ganguly,S (2652)-Lenic,L (2639) Berlin 2015}) 12. Nf3 Nh6 13. Bf4 Qc7 14. c4 Rd8 (14... Ng4 $11 {remains equal.}) 15. cxd5 $16 Rxd5 16. Qc1 Nf7 {[%cal Rf7e5]} 17. Bc4 Rd7 18. Nh4 {[%cal Bf3h4,Bh4f5,Bf5g7][%mdl 32]} Bxe5 19. Nxf5 Bxf4 {White now steadily converts the win.} ({Much weaker is} 19... gxf5 $6 20. Bxe5 Nxe5 21. Bxe6 $16) ({Black should play} 19... exf5 $14 20. Bxe5 Nxe5) 20. Ng7+ Ke7 {[#]} 21. Qc2 Bxh2+ 22. Kh1 Qf4 {aiming for ...Rd2.} 23. Bxe6 Rd2 (23... Rd6 {was necessary.}) 24. Qxg6 $18 {Black must now prevent Nf5+.} Nd6 (24... Qf6 25. Bxf7 Qxg6 26. Bxg6 Kf6) 25. Bh3 Qf6 (25... Qh6 $142 26. Nf5+ Nxf5 27. Rae1+ Kd8 28. Qxf5 Kc7 29. Kxh2 Rf8 30. Qa5+ Kb8) 26. Rae1+ Be5 27. Qg3 Kf8 28. Rxe5 {And now Ne6+ would win.} Qxg7 29. Qf4+ {[%mdl 64] Double Attack} Nf7 30. Rfe1 {[%csl Ge1][%cal Re5e8]} Rd8 31. Be6 Rg8 {[#]} 32. Rg5 $3 {[%mdl 512]} Rd4 (32... Re8 33. Re3) 33. Qb8+ (33. Qf5 $142 Rd8 34. Qc5+ Rd6 35. Rxg7 Rxg7 36. Bxf7 Rxf7 37. Qxd6+ Kg7 38. Re8) 33... Rd8 34. Rxg7 {Weighted Error Value: White=0.15/Black=0.89} 1-0

[Event "Nakhchivan Premium 2021"]
[Site "Nakhchivan"]
[Date "2021.03.25"]
[Round "4.6"]
[White "Ahmadova, Yegana"]
[Black "Baghirov, Orkhan"]
[Result "0-1"]
[WhiteElo "1421"]
[BlackElo "1473"]
[Annotator "NA RC"]
[PlyCount "102"]
[EventDate "2021.03.14"]
[EventType "tourn"]
[EventCountry "AZE"]
[SourceTitle "playchess.com"]
[Source "ChessBase"]
[SourceQuality "1"]
[TimeControl "5400+30"]

1. e4 {[%emt 0:00:00]} e6 {[%emt 0:00:00]} 2. d4 {[%emt 0:00:00]} d5 {[%emt 0:00:00]} 3. e5 {[%emt 0:00:00]} c5 {[%emt 0:00:00]} 4. c3 {[%emt 0:00:00]} Nc6 {[%emt 0:00:11]} 5. Nf3 {[%emt 0:00:04]} f6 {[%emt 0:00:40]} 6. Bd3 {[%emt 0:02:20]} cxd4 {[%emt 0:01:30]} 7. cxd4 {[%emt 0:00:05]} Bd7 {[%emt 0:01:09]} 8. Nc3 {[%emt 0:04:21]} fxe5 {[%emt 0:03:48]} 9. dxe5 {[%emt 0:00:23]} g6 {[%emt 0:00:03]} 10. Bg5 {[%emt 0:05:41]} Qb6 {[%emt 0:03:12]} 11. Qb1 {[%emt 0:02:51]} Bg7 {[%emt 0:04:42]} 12. Bxg6+ {[%emt 0:10:57]} hxg6 {[%emt 0:01:03]} 13. Qxg6+ {[%emt 0:00:06]} Kf8 {[%emt 0:00:20]} 14. Bf6 {[%emt 0:01:48]} Nxf6 {[%emt 0:01:50]} 15. exf6 {[%emt 0:00:12]} Bh6 {[%emt 0:00:05]} 16. Ng5 {[%emt 0:01:31]} Ne5 {[%emt 0:04:29]} 17. Nh7+ {[%emt 0:02:35]} Rxh7 {[%emt 0:00:07]} 18. Qxh7 {[%emt 0:00:05]} Nf7 {[%emt 0:00:03]} 19. O-O {[%emt 0:17:38]} Qxb2 {[%emt 0:18:46]} 20. Rac1 {[%emt 0:11:41]} Bc6 {[%emt 0:11:09]} 21. Rc2 {[%emt 0:05:14]} Qb4 {[%emt 0:02:42]} 22. Ne2 {[%emt 0:10:50]} Qh4 {[%emt 0:07:27]} 23. Qg6 {[%emt 0:15:39]} Qg5 {[%emt 0:16:41]} 24. Qxg5 Bxg5 {[%emt 0:00:06]} 25. Nd4 {[%emt 0:02:02]} Nd8 {[%emt 0:01:36]} 26. f4 {[%emt 0:03:17]} Bxf6 {[%emt 0:01:16]} 27. Nf3 {[%emt 0:00:16]} Nf7 {[%emt 0:05:17]} 28. g4 {[%emt 0:01:00]} Ke7 {[%emt 0:00:51]} 29. g5 {[%emt 0:00:20]} Bh8 {[%emt 0:00:40]} 30. g6 {[%emt 0:01:15]} Rg8 {[%emt 0:00:38]} 31. Rg2 {[%emt 0:00:57]} Nd6 {[%emt 0:00:41]} 32. Ne5 {[%emt 0:00:43]} Bxe5 {[%emt 0:00:28]} 33. fxe5 {[%emt 0:00:06]} Nf5 {[%emt 0:00:01]} 34. Rg5 {[%emt 0:00:44]} Be8 {[%emt 0:00:54]} 35. Rc1 {[%emt 0:00:52]} Kd7 {[%emt 0:00:26]} 36. g7 {[%emt 0:01:06]} Rxg7 {[%emt 0:01:01]} 37. Rxg7+ {[%emt 0:00:02]} Nxg7 {[%emt 0:00:01]} 38. Kf2 {[%emt 0:00:13]} Nf5 {[%emt 0:00:19]} 39. Kf3 {[%emt 0:00:42]} b5 {[%emt 0:03:33]} 40. Kg4 {[%emt 0:00:00]} d4 {[%emt 0:00:00]} 41. Kf4 {[%emt 0:00:00]} Bh5 {[%emt 0:00:00]} 42. Rc2 {[%emt 0:00:00]} d3 {[%emt 0:00:00]} 43. Rd2 {[%emt 0:00:00]} Be2 {[%emt 0:00:00]} 44. Ke4 {[%emt 0:00:00]} Kc6 {[%emt 0:00:00]} 45. Rb2 {[%emt 0:00:00]} Kc5 {[%emt 0:00:00]} 46. h4 {[%emt 0:00:00]} Kc4 {[%emt 0:00:00]} 47. h5 {[%emt 0:00:00]} Kc3 {[%emt 0:00:00]} 48. h6 {[%emt 0:00:00]} Nxh6 {[%emt 0:00:00]} 49. Rb3+ {[%emt 0:00:00]} Kc2 {[%emt 0:00:00]} 50. Rxb5 {[%emt 0:00:00]} d2 {[%emt 0:00:00]} 51. Rc5+ {[%emt 0:00:00]} Kb2 {[%emt 0:00:00]} 0-1

[Event "Nakhchivan Premium 2021"]
[Site "Nakhchivan"]
[Date "2021.03.26"]
[Round "5.1"]
[White "Baghirov, Orkhan"]
[Black "Sevdimaliyev, Urfan"]
[Result "0-1"]
[WhiteElo "1473"]
[BlackElo "2369"]
[Annotator "TA"]
[PlyCount "114"]
[EventDate "2021.03.14"]
[EventType "tourn"]
[EventCountry "AZE"]
[SourceTitle "playchess.com"]
[Source "ChessBase"]
[SourceQuality "1"]

{[%evp 20,114,9,10,54,30,22,6,18,-21,0,-25,-25,-10,-10,-9,17,0,25,33,22,7,44,-20,52,0,76,0,0,0,5,0,0,0,0,0,0,0,0,0,0,0,15,0,0,0,62,64,60,0,0,0,0,0,0,0,0,0,0,0,4,-9,-9,-11,0,0,0,-122,-122,-131,-49,-736,-736,-819,-806,-1535,-1181,-1005,-985,-963,-949,-1614,-1618,-5225,-4622,-6719,-6402,-29974,-29976,-29975,-29977,-29984,-29985,-29989,-29987,-29987,-29982]} 1. d4 d6 2. c4 e5 3. e3 Nd7 4. Nc3 g6 5. Nf3 Bg7 6. g3 Ne7 7. Bg2 O-O 8. O-O a6 9. b3 Rb8 10. a4 {[#]} Nc6 $146 ({Predecessor:} 10... c5 11. dxe5 dxe5 12. Ba3 b6 13. Ra2 f5 14. Ng5 Nf6 15. Rd2 Qc7 16. Nd5 Nexd5 17. cxd5 {½-½ (69) Bruno,F (2427)-Rotstein,A (2495) Forni di Sopra 2017}) 11. Bb2 exd4 {E63: King's Indian: Fianchetto: Panno Variation with 7...a6.} 12. exd4 Re8 13. Qd2 Na5 {The position is equal.} 14. Qc2 Nf6 15. Rae1 Rxe1 16. Rxe1 Bf5 17. Qd1 Qd7 18. Nd2 h5 19. d5 c5 20. Ne2 h4 21. Nc1 (21. Qa1 $14 Nh5 22. Bxg7 (22. gxh4 Bxb2 23. Qxb2 Re8 $11) 22... Nxg7 23. Nc3 (23. gxh4 Re8 $14)) 21... h3 (21... b5 $11 22. Bc3 b4) 22. Bf3 (22. Bf1 $1 $14) 22... g5 (22... Qd8 $11) 23. Ne4 (23. Nf1 $16) 23... Nxe4 $11 24. Bxg7 Nxf2 25. Qd2 Kxg7 26. Qxg5+ Bg6 27. Kxf2 {Threatens to win with Bg4.} Qf5 28. Qe3 Qf6 29. Qd2 b6 30. Re3 Bh5 31. Qc3 (31. Ne2 {seems wilder.} Bg6 32. g4 Qh4+ 33. Ng3 Qf6 34. Ke1) 31... Qxc3 32. Rxc3 Bg6 (32... Bxf3 $1 $11 33. Kxf3 b5) 33. Be2 $14 Be4 34. Bf3 (34. g4 $14) 34... Bxf3 $11 35. Kxf3 {[%mdl 4096] Endgame KRN-KRN} b5 36. cxb5 axb5 37. axb5 Rxb5 38. Kg4 Rb4+ 39. Kxh3 Rd4 40. g4 Rxd5 41. Kg3 Rd2 42. h4 Nc6 43. Rd3 (43. Nd3 $11) 43... Rc2 $1 $17 {And now ...Nd4 would win.} 44. Rd1 {[#]} Nd4 (44... Ne5 $1 $17 {aiming for ...Rc3+.} 45. h5 Rc3+ 46. Kh4 Nf3+ 47. Kg3 Ng5+ 48. Kf2 Ne4+ 49. Ke2 d5) 45. Kf4 $2 {[%mdl 8192] [#] This move loses the game for White.} (45. Nd3 $15) 45... Rxc1 $1 $19 {[%mdl 512] KRN-KR} 46. Rd3 (46. Rd2 Rf1+) 46... Rb1 47. h5 Rxb3 48. Rd2 f6 49. Ke4 Rg3 50. Kf4 Rg1 51. Ra2 d5 52. Ra7+ Kh6 53. Rd7 c4 {Black mates.} 54. Rd6 Rf1+ 55. Kg3 c3 56. Kh4 Nf3+ 57. Kg3 Ng5 {Weighted Error Value: White=0.75/Black=0.14} 0-1

[Event "Nakhchivan Premium 2021"]
[Site "Nakhchivan"]
[Date "2021.03.26"]
[Round "5.2"]
[White "Babayev, Talib"]
[Black "Ahmadova, Yegana"]
[Result "1-0"]
[WhiteElo "2282"]
[BlackElo "1421"]
[Annotator "ChessBase"]
[PlyCount "77"]
[EventDate "2021.03.14"]
[EventType "tourn"]
[EventCountry "AZE"]
[SourceTitle "playchess.com"]
[Source "ChessBase"]
[SourceQuality "1"]
[TimeControl "5400+30"]

1. e4 {[%emt 0:00:00]} c5 {[%emt 0:00:00]} 2. Nf3 {[%emt 0:00:00]} Nc6 {[%emt 0:00:00]} 3. d4 {[%emt 0:00:00]} cxd4 {[%emt 0:00:00]} 4. Nxd4 {[%emt 0:00:00]} g6 {[%emt 0:00:00]} 5. c4 {[%emt 0:00:02]} Bg7 {[%emt 0:00:00]} 6. Be3 {[%emt 0:00:07]} Nf6 {[%emt 0:00:00]} 7. Nc3 {[%emt 0:00:07]} O-O {[%emt 0:00:01]} 8. Be2 {[%emt 0:00:10]} d6 {[%emt 0:00:05]} 9. O-O {[%emt 0:00:13]} Bd7 {[%emt 0:00:07]} 10. Nc2 {[%emt 0:00:09]} Rc8 {[%emt 0:06:21]} 11. f3 {[%emt 0:04:46]} a5 {[%emt 0:14:39]} 12. Qd2 {[%emt 0:02:06]} Ne5 {[%emt 0:02:39]} 13. b3 {[%emt 0:01:48]} Nc6 {[%emt 0:06:52]} 14. Rac1 {[%emt 0:00:29]} Nb4 {[%emt 0:02:54]} 15. Nd4 {[%emt 0:05:04]} Nc6 {[%emt 0:03:55]} 16. Ndb5 {[%emt 0:03:27]} Be6 {[%emt 0:07:39]} 17. Kh1 {[%emt 0:06:22]} Nd7 {[%emt 0:03:56]} 18. f4 {[%emt 0:04:26]} f5 {[%emt 0:02:27]} 19. exf5 {[%emt 0:00:35]} Bxf5 {[%emt 0:00:30]} 20. Qd5+ {[%emt 0:01:33]} Kh8 {[%emt 0:00:36]} 21. g4 {[%emt 0:00:33]} Nf6 {[%emt 0:00:22]} 22. Qg2 {[%emt 0:00:09]} Bd7 {[%emt 0:00:50]} 23. Rcd1 {[%emt 0:06:02]} Ne8 {[%emt 0:05:07]} 24. Nd5 {[%emt 0:04:34]} Be6 {[%emt 0:08:13]} 25. Nb6 {[%emt 0:02:40]} Rb8 {[%emt 0:00:27]} 26. c5 {[%emt 0:00:23]} Nc7 {[%emt 0:03:04]} 27. cxd6 {[%emt 0:05:02]} Nxb5 {[%emt 0:01:25]} 28. Bxb5 {[%emt 0:00:21]} exd6 {[%emt 0:00:53]} 29. Bc4 {[%emt 0:05:39]} Qe7 {[%emt 0:04:33]} 30. Rfe1 {[%emt 0:00:49]} Bxc4 {[%emt 0:02:00]} 31. Nxc4 {[%emt 0:00:11]} Qf7 {[%emt 0:07:26]} 32. Nxd6 {[%emt 0:01:28]} Qc7 {[%emt 0:00:58]} 33. Nb5 {[%emt 0:05:08]} Qf7 {[%emt 0:02:49]} 34. f5 {[%emt 0:00:26]} Rbd8 {[%emt 0:02:12]} 35. Nd6 {[%emt 0:01:12]} Qc7 {[%emt 0:01:17]} 36. Bf4 {[%emt 0:02:52]} gxf5 {[%emt 0:06:27]} 37. gxf5 {[%emt 0:00:52]} Qb6 {[%emt 0:04:45]} 38. Rg1 {[%emt 0:02:44]} Bd4 {[%emt 0:02:48]} 39. Qg8+ {[%emt 0:00:25]} 1-0